01346nam a2200337Ia 4500001001200000003000800012006001900020007001500039008004100054020001500095020001500110020001800125020001800143040002100161035002100182050002600203082001600229100002300245245011400268260007900382300002200461504006300483533015200546650005500698650004800753655002900801700001800830710001700848856012600865999001700991ebr10567097CaPaEBRm u cr cn|||||||||991004s1998 enka sb 001 0 eng d z1853964018 z1853964328 z9781446265086 z9781853964015 aCaPaEBRcCaPaEBR a(OCoLC)63039636114aLB2900.5b.M53 1998eb04a371.2012211 aMiddlewood, David.10aHuman resource management in schools and collegesh[electronic resource] /cDavid Middlewood and Jacky Lumby. aLondon :bPaul Chapman Publishing ;aThousand Oaks, Calif. :bSAGE,c1998. avi, 98 p. :bill. aIncludes bibliographical references (p.89-94) and indexes. aElectronic reproduction.bPalo Alto, Calif. :cebrary,d2011.nAvailable via World Wide Web.nAccess may be limited to ebrary affiliated libraries. 0aSchool management and organizationzGreat Britain. 0aSchool personnel managementzGreat Britain. 7aElectronic books.2local1 aLumby, Jacky.2 aebrary, Inc.40uhttp://site.ebrary.com/lib/rucke/Doc?id=10567097zAn electronic book accessible through the World Wide Web; click to view c93206d93206